Eurovision Song Contest 2025 - Grand Final Results - Statistics

General Stats
  • This quiz has been taken 143 times
  • The average score is 23 of 26
Answer Stats
Answer % Correct
Israel
99%
Austria
98%
Sweden
96%
Estonia
95%
France
93%
Italy
92%
Albania
89%
Iceland
89%
San Marino
89%
Greece
88%
Latvia
87%
Finland
86%
Germany
86%
Lithuania
86%
Norway
86%
Ukraine
86%
Netherlands
85%
Switzerland
85%
United Kingdom
85%
Portugal
84%
Spain
84%
Armenia
82%
Denmark
82%
Malta
82%
Poland
82%
Luxembourg
80%
No matching quizzes found
Score Distribution
Percent of People with Each Score
Percentile by Number Answered
Your Score History
You have not taken this quiz